Dueling legends official handbook / (Record no. 5505)
[ view plain ]
| 000 -LEADER | |
|---|---|
| fixed length control field | 01005nam a22002897a 4500 |
| 001 - CONTROL NUMBER | |
| control field | 5505 |
| 003 - CONTROL NUMBER IDENTIFIER | |
| control field | FISKH |
| 005 - DATE AND TIME OF LATEST TRANSACTION | |
| control field | 20241213113024.0 |
| 008 - FIXED-LENGTH DATA ELEMENTS--GENERAL INFORMATION | |
| fixed length control field | 241213b cb ||||| |||| 00| 0 eng d |
| 020 ## - INTERNATIONAL STANDARD BOOK NUMBER | |
| International Standard Book Number | 9780439760348 |
| 040 ## - CATALOGING SOURCE | |
| Original cataloging agency | FISKH |
| Language of cataloging | eng |
| Transcribing agency | FISKH |
| Modifying agency | FISKH |
| 050 ## - LIBRARY OF CONGRESS CALL NUMBER | |
| Classification number | GV1469.S7 |
| 082 ## - DEWEY DECIMAL CLASSIFICATION NUMBER | |
| Classification number | 795.4 |
| 100 ## - MAIN ENTRY--PERSONAL NAME | |
| Personal name | Steele, Michael Anthony |
| 245 ## - TITLE STATEMENT | |
| Title | Dueling legends official handbook / |
| Statement of responsibility, etc. | by Michael Anthony Steele |
| 250 ## - EDITION STATEMENT | |
| Edition statement | First printing, September 2005 |
| 260 ## - PUBLICATION, DISTRIBUTION, ETC. | |
| Place of publication, distribution, etc. | New York : |
| Name of publisher, distributor, etc. | Scholastic ; |
| Date of publication, distribution, etc. | 1996 . |
| 300 ## - PHYSICAL DESCRIPTION | |
| Extent | 80 pages : |
| Other physical details | color illustrations ; |
| Dimensions | 23 cm . |
| 505 ## - FORMATTED CONTENTS NOTE | |
| Formatted contents note | G <br/> |
| 520 ## - SUMMARY, ETC. | |
| Summary, etc. | "How well do you know your duelists? Learn all about the magic and monsters in the Yu-Gi-verse in this awesome guide packed with pictures, facts, trivia, puzzles, and more!"--The publisher. |
| 521 8# - TARGET AUDIENCE NOTE | |
| Target audience note | 340 <br/> |
| Source | Lexile <br/> |
| 521 8# - TARGET AUDIENCE NOTE | |
| Target audience note | G <br/> |
| Source | Raz-Plus <br/> |
| 650 ## - SUBJECT ADDED ENTRY--TOPICAL TERM | |
| Topical term or geographic name entry element | Japan |
| Form subdivision | Fiction - Comic Books |
| 700 ## - ADDED ENTRY--PERSONAL NAME | |
| Personal name | Takahashi, Kazuki |
| Relator term | illustrator |
| 942 ## - ADDED ENTRY ELEMENTS (KOHA) | |
| Source of classification or shelving scheme | Dewey Decimal Classification |
| Koha item type | Books |
| Suppress in OPAC | No |
| Withdrawn status | Lost status | Source of classification or shelving scheme | Damaged status | Not for loan | Collection | Home library | Current library | Shelving location | Date acquired | Total Checkouts | Full call number | Barcode | Date last seen | Price effective from | Koha item type |
|---|---|---|---|---|---|---|---|---|---|---|---|---|---|---|---|
| Dewey Decimal Classification | Fiction | Footprints International School Library Network Toul Kork Campus | Footprints International School Library Network Toul Kork Campus | TTP Secondary Fiction Bookshelves | 12/13/2024 | STE 795.4 GV1469.S7 | FISSE00378 | 12/13/2024 | 12/13/2024 | Books |
